[Event "Santiago CC Puente Alto op"]
[Site "Santiago de Chile"]
[Date "2004.05.09"]
[Round "3"]
[White "Norambuena Hernandez, Marco Antonio"]
[Black "Vargas Maliqueo, Ivan Patricio"]
[Result "0-1"]
[WhiteElo "1823"]
[BlackElo "2183"]
[PlyCount "70"]
[EventDate "2004.04.04"]
[EventType "swiss"]
[EventRounds "7"]
[EventCountry "CHI"]
[SourceTitle "EXT 2005"]
[Source "ChessBase"]
[SourceDate "2004.11.15"]
[SourceVersion "1"]
[SourceVersionDate "2004.11.15"]
[SourceQuality "1"]

1. d4 f5 2. c4 Nf6 3. g3 g6 4. Bg2 Bg7 5. Nf3 0-0 6. Nc3 d6 7. 0-0 Nc6 8. Rb1 a5 9. Re1 e5 10. dxe5 dxe5 11. Qxd8 Rxd8 12. Bg5 Be6 13. b3 e4 14. Nh4 Rd7 15. Red1 Rad8 16. Bf1 h6 17. Be3 Ng4 18. Rxd7 Rxd7 19. Nd1 g5 20. Ng2 Nb4 21. a3 Nc2 22. h3 Ngxe3 23. Ngxe3 Nxa3 24. Rc1 Rd2 25. Nc3 c6 26. Nb1 Nxb1 27. Rxb1 f4 28. gxf4 gxf4 29. Ng2 Be5 30. e3 f3 31. Nf4 Bxf4 32. exf4 c5 33. Re1 Bf5 34. Re3 Rd1 35. h4 Bh3 0-1

[Event "Santiago CC Puente Alto op"]
[Site "Santiago de Chile"]
[Date "2004.03.28"]
[Round "1"]
[White "Nunez, Jose"]
[Black "Norambuena Hernandez, Marco Antonio"]
[Result "0-1"]
[WhiteElo "2072"]
[BlackElo "1823"]
[PlyCount "72"]
[EventDate "2004.04.04"]
[EventType "swiss"]
[EventRounds "7"]
[EventCountry "CHI"]
[SourceTitle "EXT 2005"]
[Source "ChessBase"]
[SourceDate "2004.11.15"]
[SourceVersion "1"]
[SourceVersionDate "2004.11.15"]
[SourceQuality "1"]

1. d4 d5 2. c4 e6 3. Nc3 Nf6 4. Bg5 Nbd7 5. Nf3 c6 6. e3 Be7 7. Rc1 0-0 8. cxd5 exd5 9. Bd3 Re8 10. 0-0 Ne4 11. Bxe7 Qxe7 12. Re1 Nf8 13. h3 Ng6 14. Nd2 Nxd2 15. Qxd2 Qg5 16. f4 Qf6 17. Bxg6 Qxg6 18. g4 h5 19. Kh2 hxg4 20. Rg1 Qh6 21. Rg3 gxh3 22. Rcg1 g6 23. Nd1 Kg7 24. Nf2 Rh8 25. Ng4 Bxg4 26. Rxg4 Rae8 27. R1g3 Re4 28. Qb4 Qh5 29. Qxb7 Rh6 30. Qd7 Re6 31. Qc7 Qf5 32. Rg5 Qc2+ 33. Kh1 Qc1+ 34. Rg1 Qxe3 35. Re5 Qf3+ 36. Kh2 Qxf4+ 0-1

[Event "Santiago CC Puente Alto"]
[Site "Santiago de Chile"]
[Date "2003.04.20"]
[Round "5.4"]
[White "Bustos, Josue"]
[Black "Norambuena Hernandez, Marco Antonio"]
[Result "0-1"]
[WhiteElo "1799"]
[BlackElo "1832"]
[PlyCount "40"]
[EventDate "2003.04.07"]
[EventType "tourn"]
[EventRounds "11"]
[EventCountry "CHI"]
[SourceTitle "EXT 2004"]
[Source "ChessBase"]
[SourceDate "2003.11.25"]
[SourceVersion "1"]
[SourceVersionDate "2003.11.25"]
[SourceQuality "1"]

1. e4 e6 2. Nf3 d5 3. Nc3 c5 4. Bb5+ Bd7 5. exd5 Bxb5 6. Nxb5 exd5 7. 0-0 Nf6 8. Re1+ Be7 9. d3 0-0 10. Bf4 Nc6 11. d4 a6 12. Bc7 Qd7 13. Bg3 axb5 14. dxc5 Bxc5 15. Qd3 Nb4 16. Qc3 Rac8 17. Qd2 Bd6 18. Bh4 Ne4 19. Qd1 Nxc2 20. Ng5 Nxg5 0-1

[Event "Santiago CC Puente Alto"]
[Site "Santiago de Chile"]
[Date "2003.04.13"]
[Round "3.3"]
[White "Pineda Polanco, Adolfo"]
[Black "Norambuena Hernandez, Marco Antonio"]
[Result "1-0"]
[WhiteElo "2279"]
[BlackElo "1832"]
[PlyCount "55"]
[EventDate "2003.04.07"]
[EventType "tourn"]
[EventRounds "11"]
[EventCountry "CHI"]
[SourceTitle "EXT 2004"]
[Source "ChessBase"]
[SourceDate "2003.11.25"]
[SourceVersion "1"]
[SourceVersionDate "2003.11.25"]
[SourceQuality "1"]

1. e4 e6 2. d4 d5 3. e5 c5 4. c3 Nc6 5. Nf3 Qb6 6. dxc5 Bxc5 7. Qc2 Qc7 8. Bf4 a6 9. Bd3 Nge7 10. Bg3 Bd7 11. 0-0 Ng6 12. Re1 0-0-0 13. a4 Be7 14. b4 Qb6 15. Nbd2 Kb8 16. h4 Rc8 17. h5 Nf8 18. Qb3 d4 19. Nc4 Qa7 20. b5 Nd8 21. cxd4 a5 22. Bf4 b6 23. Rec1 Nb7 24. Rc2 h6 25. Bc1 g5 26. Ba3 Bd8 27. Rac1 f6 28. Nd6 1-0